书目信息 |
| 题名: |
你为什么是穷人
|
|
| 作者: | 克拉森 著 | |
| 分册: | ||
| 出版信息: | 西安 陕西师范大学出版社 2007 |
|
| 页数: | 182页 | |
| 开本: | 19cm | |
| 丛书名: | ||
| 单 册: | ||
| 中图分类: | F715.5 | |
| 科图分类: | ||
| 主题词: | 巴比伦人--商业经营--经验 , 巴比伦人 , 商业经营 , 商业经济--国内 | |
| 电子资源: | ||
| ISBN: | 7-5613-3168-1 | |
| 000 | 01012nam0 2200277 450 | |
| 001 | 1149944191 | |
| 005 | 20111005135333.35 | |
| 010 | @a7-5613-3168-1@dCNY19.80 | |
| 100 | @a20070116d2007 em y0chiy50 ea | |
| 101 | 0 | @achi |
| 102 | @aCN@b610000 | |
| 105 | @ay z 000yy | |
| 200 | 1 | @a你为什么是穷人@Ani wei shen me shi qiong ren@e巴比伦富翁的理财秘密@dThe richest man in Babylon@f(美)乔治·塞缪尔·克拉森(George S. Clason)著@zeng |
| 210 | @a西安@c陕西师范大学出版社@d2007 | |
| 215 | @a182页@d19cm | |
| 330 | @a本书包括谁能获得黄金、你积攒的每一块钱、致富七要诀、让幸运女神垂青你、黄金定律、借钱也是有原则的等章。 | |
| 510 | 1 | @aRichest man in Babylon@zeng |
| 517 | 1 | @a巴比伦富翁的理财秘密@Aba bi lun fu weng de li cai mi mi |
| 606 | 0 | @a巴比伦人@x商业经营@x经验 |
| 606 | 0 | @a巴比伦人 |
| 606 | 0 | @a商业经营 |
| 606 | 0 | @a商业经济@x国内 |
| 690 | @aF715.5@v4 | |
| 701 | 0 | @c(美)@a克拉森@Ake la sen@c(Clason, George S.@f1874~?)@4著 |
| 801 | 0 | @aCN@bNLC@c20101222 |
| 905 | @a10447@dF715.5@eJY74 | |
| 你为什么是穷人:巴比伦富翁的理财秘密=The richest man in Babylon/(美)乔治·塞缪尔·克拉森(George S. Clason)著.-西安:陕西师范大学出版社,2007 |
| 182页;19cm |
| ISBN 7-5613-3168-1:CNY19.80 |
| 本书包括谁能获得黄金、你积攒的每一块钱、致富七要诀、让幸运女神垂青你、黄金定律、借钱也是有原则的等章。 |
| ● |
| 相关链接 |
|
|
|
|
正题名:你为什么是穷人
索取号:F715.5/JY74
 
预约/预借
| 序号 | 登录号 | 条形码 | 馆藏地/架位号 | 状态 | 备注 |
| 1 | 7814216 | 278142163 | 学院路分馆/ [索取号:F715.5/JY74] | 在馆 | |
| 2 | 7814217 | 278142172 | 学院路分馆/ [索取号:F715.5/JY74] | 在馆 | |
| 3 | 7814218 | 278142181 | 学院路分馆/ [索取号:F715.5/JY74] | 在馆 | |
| 4 | 7814219 | 278142190 | 学院路分馆/ [索取号:F715.5/JY74] | 在馆 |